|
|
|
|
| LEADER |
00000nam0a2200000 4500 |
| 001 |
215169 |
| 005 |
20231101225941.0 |
| 035 |
|
|
|a (RuTPU)RU\TPU\book\235066
|
| 090 |
|
|
|a 215169
|
| 100 |
|
|
|a 20120504d1976 km y0rusy50 ca
|
| 101 |
0 |
|
|a rus
|
| 102 |
|
|
|a RU
|
| 105 |
|
|
|a a z 001zy
|
| 200 |
1 |
|
|a Идентификация и оптимизация нелинейных стохастических систем
|f Ю. С. Попков [и др.]
|
| 210 |
|
|
|a Москва
|c Энергия
|d 1976
|
| 215 |
|
|
|a 440 с.
|c ил.
|
| 320 |
|
|
|a Библиогр.: с. 431-438.
|
| 606 |
|
|
|a Автоматические системы управления
|x Нелинейные
|2 stltpush
|3 (RuTPU)RU\TPU\subj\887
|9 29693
|
| 610 |
1 |
|
|a нелинейные системы
|
| 610 |
1 |
|
|a идентификация
|
| 610 |
1 |
|
|a оптимизация
|
| 610 |
1 |
|
|a изучение
|
| 610 |
1 |
|
|a стохастические системы
|
| 610 |
1 |
|
|a структуры
|
| 610 |
1 |
|
|a управляющие устройства
|
| 610 |
1 |
|
|a синтез
|
| 610 |
1 |
|
|a задачи
|
| 610 |
1 |
|
|a решения
|
| 610 |
1 |
|
|a алгоритмы
|
| 675 |
|
|
|a 62-501
|v 3
|
| 675 |
|
|
|a 681.511.4
|v 3
|
| 701 |
|
1 |
|a Попков
|b Ю. С.
|g Юрий Соломонович
|
| 701 |
|
1 |
|a Киселев
|b О. Н.
|g Олег Николаевич
|
| 701 |
|
1 |
|a Петров
|b Н. П.
|g Николай Павлович
|
| 701 |
|
1 |
|a Шмульян
|b Б. Л.
|g Борис Лейбович
|
| 801 |
|
1 |
|a RU
|b 63413507
|c 20120504
|
| 801 |
|
2 |
|a RU
|b 63413507
|c 20180406
|g RCR
|
| 942 |
|
|
|c BK
|